00562nam a2200169 a 450000100060000000300090000600800410001502000150005604000280007108200160009910000270011524501100014226000460025230000110029865000280030965000550033718080CO-ViMGA141112s2004 ck r 000 u spa d a8476584482 aCO-ViMGAbspacCO-ViMGA04a809.3 C465m1 aCiplijauskaite, Birute10aLa novela femenina contemporanea 1970 - 1985 . Hacia una tipología de la narración en primera persona aBarcelona (España), cAnthropos, c1994 a255.p.14aMUJERES COMO NOVELISTAS14aNOVELA FEMENINA - 1970 - 1985 - HISTORIA Y CRITICA